Uncle Brothers Trivia - Statistics

General Stats
  • This quiz has been taken 8 times
  • The average score is 7 of 20
Answer Stats
Hint Answer % Correct
Which Uncle Brother has the middle name Tsi? Benjamin
67%
Which Uncle Brother is allergic to grapes grown in Zimbabwe? Benjamin
67%
Which Uncle Brother likes to hold big bags? Evan
67%
Which Uncle Brother doesn't know who Benjamin is? Evan
67%
Which Uncle Brother likes chocolate milk? Gavin
67%
Which Uncle Brother has knives? Gavin
67%
Which Uncle Brother knows 2 countries? Benjamin
33%
Which Uncle Brother likes Gavin? Evan
33%
Which Uncle Brother hates Serena? Evan
33%
Which Uncle Brother is learning Spanish on Duolingo? Evan
33%
Which Uncle Brother needs to get one bolt out of the ground in the track around Soaring Heights? Gavin
33%
Which Uncle Brother only sees in black? Gavin
33%
Which Uncle Brother has the middle name Bob? Michael
33%
Which Uncle Brother has the last name Evans? MIchael
33%
Which Uncle Brother knows how to throw tomahawks very quickly? Michael
33%
Which Uncle Brother is most likely to be seen in Taiwan? Michael
33%
Which Uncle Brother went to Paris? Benjamin
0%
Which Uncle Brother is only known in Israel? Benjamin
0%
Which Uncle Brother is canon everywhere but Brazil? Gavin
0%
Which Uncle Brother knows 0 countries? Michael
0%
No matching quizzes found
Score Distribution
Percent of People with Each Score
Percentile by Number Answered
Your Score History
You have not taken this quiz